[Event "Brno CEZ Talent"]
[Site "?"]
[Date "2013.08.26"]
[Round "3"]
[White "Plat, Vojtech"]
[Black "Kireev, Aleksei"]
[Result "1/2-1/2"]
[WhiteElo "2470"]
[BlackElo "2337"]
[PlyCount "83"]

1. d4 d6 2. Nf3 g6 3. Bf4 Bg7 4. e3 Nd7 5. Bc4 e6 6. O-O a6 7. a4 b6 8. Nbd2
Bb7 9. c3 Ne7 10. e4 h6 11. Qe2 g5 12. Be3 Ng6 13. Rad1 Nf6 14. e5 Nd5 15. Bxd5
Bxd5 16. exd6 cxd6 17. c4 Bb7 18. d5 e5 19. a5 Nf4 20. Bxf4 gxf4 21. axb6 Qxb6
22. b4 O-O 23. Ne4 a5 24. bxa5 Qc7 25. Qb2 Rxa5 26. Qb4 Ra6 27. Rb1 Bc8 28. c5
dxc5 29. Nxc5 Rd6 30. Rbc1 {(R)} Qd8 31. Ne6 Bxe6 32. dxe6 Rxe6 33. Rfd1 Qf6
34. Qe4 Qg6 35. Qxg6 fxg6 36. Rd7 e4 37. Nd4 Bxd4 38. Rxd4 Kg7 39. Re1 Rfe8 40.
f3 exf3 41. Rxe6 Rxe6 42. Rxf4 {(R)} 1/2-1/2

[Event "Brno CEZ Talent"]
[Site "?"]
[Date "2013.08.26"]
[Round "3"]
[White "Karlik, Vladimir"]
[Black "Svoboda, Vaclav"]
[Result "0-1"]
[WhiteElo "2284"]
[BlackElo "2424"]
[PlyCount "74"]

1. d4 Nf6 2. Nf3 e6 3. Bf4 c5 4. e3 Qb6 5. Nc3 Nc6 6. Rb1 Be7 7. h3 a6 8. Be2
d5 9. dxc5 Qxc5 10. O-O O-O 11. Nd4 b5 12. Nxc6 Qxc6 13. Bf3 Bb7 14. Ne2 Rfd8
15. Nd4 Qc5 16. Nb3 Qb6 17. Qd4 Qxd4 18. exd4 a5 19. Bc7 Rdc8 20. Bxa5 Rxc2 21.
Bd1 Rc4 22. Be2 Ne4 23. Be1 Rca4 24. a3 Bc6 25. Rc1 Be8 26. f3 Nf6 27. Bc3 b4
28. axb4 Bxb4 29. Ra1 Bxc3 30. bxc3 Ra3 31. Kf2 g6 32. Ke3 Nh5 33. Rfc1 g5 34.
Bf1 Kg7 35. Bd3 R3a4 36. Kd2 Ra2+ 37. Ke3 f5 {
a èerný vyhrál v 80. tahu. Oba zápisy zcela neèitelné, JK)} 0-1

[Event "Brno CEZ Talent"]
[Site "?"]
[Date "2013.08.26"]
[Round "3"]
[White "Velicka, Petr"]
[Black "Dambrauskas, Virginijus"]
[Result "1-0"]
[WhiteElo "2421"]
[BlackElo "2280"]
[PlyCount "113"]

1. e4 c5 2. Nf3 e6 3. d4 cxd4 4. Nxd4 a6 5. Bd3 Bc5 6. Nb3 Be7 7. Qg4 g6 8. Qg3
d6 9. O-O Nd7 10. Nc3 Qc7 11. a4 b6 12. Bf4 Bb7 13. Rad1 Ngf6 14. Bh6 Nc5 15.
Nxc5 Qxc5 16. Rfe1 Qe5 17. Bf4 Qc5 18. Be2 Nxe4 19. Nxe4 Bxe4 20. Bxd6 Bxd6 21.
Qxd6 Qxd6 22. Rxd6 Bxc2 23. Rxb6 Bxa4 24. Bf3 Rd8 25. Rxa6 Bb3 26. Ra3 Bd5 {(R)
} 27. Bxd5 Rxd5 28. Ra8+ Rd8 29. Rxd8+ Kxd8 30. Kf1 Ke7 31. Ke2 Rb8 32. Rb1 Kd6
33. Kd3 Kd5 34. b4 Rb5 35. Kc3 Kc6 36. Ra1 Rf5 37. f3 Re5 38. Ra7 Rf5 39. Ra6+
Kb7 40. Ra5 Rf4 41. Rc5 Kb6 42. h3 h6 43. Re5 Kc6 44. Ra5 Kb7 45. Rb5+ Kc7 46.
Kd3 g5 47. Kc3 Rh4 48. Rc5+ Kb6 49. Rc4 Rh5 50. Re4 Kc6 51. Kb3 Kd5 52. Rc4 f5
53. b5 g4 54. b6 gxf3 55. gxf3 Rxh3 56. b7 Rxf3+ 57. Rc3 1-0

[Event "Brno CEZ Talent"]
[Site "?"]
[Date "2013.08.26"]
[Round "3"]
[White "Kantorik, Marian"]
[Black "Ponizil, Cyril"]
[Result "1/2-1/2"]
[WhiteElo "2280"]
[BlackElo "2421"]
[PlyCount "23"]

1. d4 Nf6 2. c4 g6 3. Nc3 d5 4. Nf3 Bg7 5. Bg5 Ne4 6. Bf4 Nxc3 7. bxc3 c5 8.
cxd5 Qxd5 9. e3 O-O 10. Be2 cxd4 11. cxd4 Qa5+ 12. Qd2 {(R)} 1/2-1/2

[Event "Brno CEZ Talent"]
[Site "?"]
[Date "2013.08.26"]
[Round "3"]
[White "Zwardon, Vojtech"]
[Black "Kratochvil, Josef"]
[Result "1-0"]
[WhiteElo "2384"]
[BlackElo "2241"]
[PlyCount "105"]

1. c4 c5 2. Nc3 b6 3. Nf3 Bb7 4. e4 d6 5. g3 Nf6 6. d3 e6 7. Bg2 Be7 8. O-O a6
9. a3 Qc7 10. Bf4 Nc6 11. Re1 Nd7 12. Rc1 Nde5 13. Be3 Rd8 14. Ne2 Bf6 15. d4
cxd4 16. Nexd4 Nxf3+ 17. Nxf3 Nb8 18. Bd4 Nd7 19. Qa4 O-O 20. Bxf6 Nxf6 21. e5
dxe5 22. Nxe5 Bxg2 23. Kxg2 Rd2 24. b4 Qb7+ 25. Kg1 h5 26. Qc6 Qxc6 27. Nxc6
Ng4 28. c5 bxc5 29. Rxc5 g6 30. Rf1 f5 31. h3 Nf6 32. Ne5 Ra2 33. Nxg6 Rd8 34.
Nf4 Ne4 35. Nxe6 Nxc5 36. Nxd8 Ne4 37. Nc6 Kg7 38. Ne7 Kf6 39. Nd5+ Ke5 40. Nf4
Rxa3 41. Nxh5 Rb3 42. Ra1 Rxb4 43. Rxa6 Rb1+ 44. Kg2 Rb2 45. Ra5+ Ke6 46. Nf4+
Kf6 47. Ra6+ Kf7 48. Nd3 Rd2 49. Ra3 Kf6 50. Kf3 Rc2 51. Ke3 Nc3 52. Ra6+ Kg7
53. f3 1-0

[Event "Brno CEZ Talent"]
[Site "?"]
[Date "2013.08.26"]
[Round "3"]
[White "Dobes, Vojtech"]
[Black "Chytilek, Roman"]
[Result "0-1"]
[WhiteElo "2105"]
[BlackElo "2382"]
[PlyCount "104"]

1. e4 d6 2. d4 Nf6 3. Nc3 g6 4. Be3 a6 5. Bd3 Bg7 6. h3 Nbd7 7. Nf3 e5 8. d5 b5
9. Qd2 Bb7 10. O-O O-O 11. a4 b4 12. Ne2 a5 13. c3 c6 14. c4 cxd5 15. cxd5 Bxd5
16. exd5 e4 17. Ned4 exf3 18. Nxf3 Nxd5 19. Bh6 N5f6 20. Bxg7 Kxg7 21. Bb5 Nc5
22. Rad1 d5 23. Ne5 Qd6 24. Nc4 Qe7 25. Ne3 Rad8 26. Rfe1 Ne6 27. Rc1 Rd6 28.
Red1 Rfd8 29. Rc6 Rxc6 30. Bxc6 Qc5 31. Bb5 Rd6 32. Rc1 Qb6 33. Rd1 Rd8 34. Rc1
Nd4 35. Qd3 Nxb5 36. axb5 d4 37. Ng4 Nxg4 38. hxg4 Rd5 39. Rd1 Qxb5 40. Qxb5
Rxb5 41. Rxd4 Kf6 42. f4 Ke6 43. Kf2 Rd5 44. Re4+ Kd6 45. Ke2 Kc5 46. Re7 Kc4
47. Rxf7 Kb3 48. Rxh7 Kxb2 49. Ke3 a4 50. Ke4 Rd8 51. f5 gxf5+ 52. gxf5 a3 0-1

[Event "Brno CEZ Talent"]
[Site "?"]
[Date "2013.08.25"]
[Round "3"]
[White "Bures, Jaroslav"]
[Black "Kaplan, Milan"]
[Result "1-0"]
[WhiteElo "2377"]
[BlackElo "1000"]
[PlyCount "41"]

1. e4 c5 2. Nf3 Nc6 3. d4 cxd4 4. Nxd4 Nf6 5. Nc3 e5 6. Ndb5 d6 7. Bg5 a6 8.
Na3 b5 9. Bxf6 gxf6 10. Nd5 f5 11. Bd3 Be6 12. O-O f4 13. c4 b4 14. Qa4 bxa3
15. Qxc6+ Bd7 16. Qxa8 Qxa8 17. Nc7+ Ke7 18. Nxa8 Bh6 19. Nb6 axb2 20. Rab1 f3
21. Nxd7 1-0

[Event "Brno CEZ Talent"]
[Site "?"]
[Date "2013.08.26"]
[Round "3"]
[White "Vechet, Stanislav"]
[Black "Kuchynka, Lukas"]
[Result "0-1"]
[WhiteElo "2165"]
[BlackElo "2316"]
[PlyCount "76"]

1. d4 Nf6 2. g3 d5 3. Bg2 c6 4. Nd2 Bf5 5. c4 e6 6. Ngf3 h6 7. Qb3 Qb6 8. c5
Qc7 9. Qa4 Nbd7 10. b4 Be7 11. O-O O-O 12. Bb2 b6 13. Rfc1 Rfc8 14. Bc3 a5 15.
cxb6 Nxb6 16. Qb3 a4 17. Qd1 a3 18. Nb3 Nc4 19. Ne5 Nxe5 20. dxe5 Nd7 21. Nd4
Bg6 22. Bd2 Qb6 23. f4 Bxb4 24. Bxb4 Qxb4 25. Nxc6 Qb6+ 26. Nd4 Qb2 27. e4 Rxc1
28. Rxc1 Bxe4 29. Bxe4 dxe4 30. Rc2 Qb6 31. Rc6 Qb2 32. Rc2 Qb4 33. Nb3 Nb6 34.
Qd2 Nd5 35. Qc1 e3 36. Rc4 Qb5 37. Kg2 Nb4 38. Kh3 e2 0-1

[Event "Brno CEZ Talent"]
[Site "?"]
[Date "2013.08.26"]
[Round "3"]
[White "Majer, Jiri"]
[Black "Chudinovskis, Alexander"]
[Result "0-1"]
[WhiteElo "2044"]
[BlackElo "2299"]
[PlyCount "68"]

1. d4 Nf6 2. c4 e6 3. Nf3 c5 4. Nc3 cxd4 5. Nxd4 Nc6 6. e3 d5 7. cxd5 exd5 8.
Be2 Bd6 9. Bf3 O-O 10. O-O Be5 11. a3 a6 12. b4 Re8 13. Nxc6 bxc6 14. Bb2 Qd6
15. h3 Qe7 16. Qc2 Bc7 17. Ne2 Qd6 18. Ng3 Bd7 19. Rfd1 {(R)} Re6 20. Qc3 Rae8
21. Nf1 Qf8 22. Qd3 Bc8 23. Bd4 Ne4 24. Rac1 Rg6 25. Bg4 Bxg4 26. hxg4 Qe7 27.
Qe2 Qh4 28. Qf3 Ree6 29. g3 Rxg4 30. Nh2 Rg5 31. Rc2 Nxg3 32. fxg3 Rxg3+ 33.
Qxg3 Bxg3 34. Nf1 Rg6 0-1

[Event "Brno CEZ Talent"]
[Site "?"]
[Date "2013.08.26"]
[Round "3"]
[White "Musil, Jiri"]
[Black "Skliba, Martin"]
[Result "0-1"]
[WhiteElo "2092"]
[BlackElo "2271"]
[PlyCount "172"]

1. Nf3 Nf6 2. g3 g6 3. b4 Bg7 4. Bb2 O-O 5. Bg2 a5 6. b5 c6 7. c4 d5 8. Na3
cxb5 9. cxb5 Bf5 10. O-O Qd6 11. Rc1 Nbd7 12. d4 Rfc8 13. Qb3 Qb4 14. Rxc8+
Rxc8 15. Rc1 Rxc1+ 16. Bxc1 Ne4 17. Bf1 Bxd4 18. Nxd4 Qxd4 19. Be3 Qb4 20. Qxb4
axb4 21. g4 Bxg4 22. f3 bxa3 23. fxg4 Nc3 24. Bc1 Nxb5 25. e4 Nc3 26. exd5 Nxa2
27. Bxa3 Nc3 28. Bg2 Nf6 29. d6 exd6 30. Bxd6 Nxg4 31. Bxb7 f5 32. h3 Nf6 33.
h4 Nce4 34. Bf4 Kf7 35. Bc8 Nd5 36. Bc1 Nd6 37. Bd7 Ke7 38. Bc6 Ke6 39. Kg2 Nb4
40. Bf3 Nd3 41. Bd2 Nc4 42. Bc3 Ne3+ 43. Kh3 Ne5 44. Bb7 Nd3 45. Bf3 Nf2+ 46.
Kh2 Ne4 47. Bd4 Nd5 48. Kg2 Nf4+ 49. Kh2 Kd5 50. Bg7 Kc4 51. Be5 Nd3 52. Be2
Nc3 53. Bf1 Ne4 54. Bg7 Nec5 55. Bf6 Kd5 56. Bg2+ Ke6 57. Bd4 f4 58. Bf3 Kf5
59. Kh3 Nb3 60. Bb6 Nd2 61. Bc6 Ne5 62. Bd5 h6 63. Bb7 g5 64. hxg5 hxg5 65.
Bc8+ Kg6 66. Bc7 Nd3 67. Bb6 Nc4 68. Bd4 Ne3 69. Bb6 Nf2+ 70. Kh2 g4 71. Bc7
Kg5 72. Bd8+ Kh5 73. Bc7 g3+ 74. Kg1 Kg5 75. Bd8+ Kh5 76. Bc7 Nd5 77. Bd6 Ne4
78. Be5 Kg5 79. Be6 Nb4 80. Bc7 f3 81. Bh3 Kh4 82. Bf1 Nd5 83. Be5 f2+ 84. Kg2
Ne3+ 85. Kf3 Nxf1 86. Bxg3+ Nfxg3 0-1

[Event "Brno CEZ Talent"]
[Site "?"]
[Date "2013.08.26"]
[Round "3"]
[White "Kulovana, Eva"]
[Black "Pokorny, Petr"]
[Result "1/2-1/2"]
[WhiteElo "2250"]
[BlackElo "2194"]
[PlyCount "81"]

1. e4 e5 2. Nf3 Nf6 3. Nxe5 d6 4. Nf3 Nxe4 5. d4 d5 6. Bd3 Nc6 7. O-O Be7 8. c4
Nb4 9. cxd5 Nxd3 10. Qxd3 Qxd5 11. Re1 Bf5 12. Ne5 Nd6 13. Nc3 Qa5 14. b4 Qxb4
15. Qe3 Nc8 16. Nd5 Qd6 17. Nxe7 Qxe7 18. Ba3 Nd6 19. Qf3 O-O 20. Bxd6 cxd6 21.
Ng6 Qxe1+ 22. Rxe1 hxg6 23. Qxb7 Be6 24. Qa6 Rfb8 25. Qxd6 Bxa2 26. h4 a5 27.
Re7 a4 28. Qc5 Bb3 29. Ra7 Rxa7 30. Qxa7 Rd8 {(R)} 31. Kh2 Kh7 32. Kg3 Rd6 33.
Kf4 Rf6+ 34. Ke3 Re6+ 35. Kd3 Rf6 36. f3 Rf5 37. Kc3 Rf6 38. Qc5 Rf5 39. Qc7
Bd5 40. Kb4 Bb3 41. Kc3 1/2-1/2

[Event "Brno CEZ Talent"]
[Site "?"]
[Date "2013.08.26"]
[Round "2"]
[White "Kratochvil, Karel"]
[Black "Meszaros, Ludek"]
[Result "1-0"]
[WhiteElo "2233"]
[BlackElo "2106"]
[PlyCount "97"]

1. d4 g6 2. c4 Bg7 3. Nf3 d6 4. Nc3 Nf6 5. h3 O-O 6. e4 e5 7. dxe5 dxe5 8. Qxd8
Rxd8 9. Nd5 Nxd5 10. cxd5 c6 11. Bc4 cxd5 12. Bxd5 Nc6 13. Bg5 Rd6 14. O-O-O
Be6 15. Bxe6 Rxe6 16. Rd7 Rc8 17. Kb1 h6 18. Be3 b6 19. Rc1 Bf8 20. a3 Kg7 21.
b4 Rd6 22. Rb7 Kf6 23. b5 Ne7 24. Rxa7 Rxc1+ 25. Bxc1 Ke6 26. a4 f5 27. Ra8 Bg7
28. Nd2 fxe4 29. Nc4 Rd1 30. Kc2 Rf1 31. Be3 Nd5 32. Nxb6 Nxe3+ 33. fxe3 Rf2+
34. Kb3 Bf8 35. Nc4 Bc5 36. Ra6+ Kd5 37. Rxg6 Re2 38. b6 Bxe3 39. b7 Ba7 40.
Nb6+ Kd4 41. Nd7 e3 42. Rd6+ Ke4 43. Re6 Bd4 44. Nc5+ Kf5 45. g4+ Kg5 46. Nd3
Rd2 47. Nxe5 Kf4 48. Nc4 Rd1 49. b8=Q+ 1-0

[Event "Brno CEZ Talent"]
[Site "?"]
[Date "2013.08.26"]
[Round "3"]
[White "Fiala, Vaclav"]
[Black "Navratil, Jiri"]
[Result "0-1"]
[WhiteElo "2192"]
[BlackElo "2036"]
[PlyCount "104"]

1. e4 c5 2. c3 d5 3. exd5 Qxd5 4. Na3 Nf6 5. Nf3 e6 6. d4 cxd4 7. Nb5 Na6 8.
cxd4 Bd7 9. Nc3 Bb4 10. Bd2 Bxc3 11. bxc3 Bc6 12. Ne5 O-O 13. Nxc6 Qxc6 14. Qf3
Qxf3 15. gxf3 Nc7 16. Rg1 g6 17. Rb1 b6 18. a4 Rac8 19. Bd3 Rfd8 20. Ke2 Ncd5
21. c4 Ne7 22. a5 Nc6 23. axb6 axb6 24. Bc3 Nxd4+ 25. Ke3 e5 26. f4 exf4+ 27.
Kxf4 Nd5+ 28. cxd5 Rxc3 29. Ke4 Nb3 30. Rgd1 Nc5+ 31. Kd4 Rxd3+ 32. Rxd3 Nxd3
33. Kxd3 Rxd5+ 34. Ke4 Rh5 35. Rxb6 Rxh2 36. Kf3 Kg7 37. Rb8 Rh5 38. Kg2 Ra5
39. Kg3 h5 40. Kh3 Ra3+ 41. Kg2 g5 42. Rb2 Kg6 43. Kh2 f6 44. Kg2 h4 45. Rc2 g4
46. Rc4 Kg5 47. Rc8 Ra2 48. Kg1 f5 49. Rg8+ Kf4 50. Rh8 h3 51. Rh5 Ra1+ 52. Kh2
Rf1 0-1

[Event "Brno CEZ Talent"]
[Site "?"]
[Date "2013.08.26"]
[Round "3"]
[White "Hosek, Martin"]
[Black "Sremanak, Slavomir"]
[Result "0-1"]
[WhiteElo "2008"]
[BlackElo "2184"]
[PlyCount "48"]

1. d4 e6 2. c4 Nf6 3. Nf3 c5 4. e3 d5 5. Nc3 Nc6 6. cxd5 Nxd5 7. e4 Ndb4 8. a3
cxd4 9. axb4 Bxb4 10. Qb3 Qb6 11. Bd2 dxc3 12. Bxc3 Bxc3+ 13. Qxc3 Qb4 14. Qxb4
Nxb4 15. Rc1 Nc6 16. Bb5 Bd7 17. O-O Ke7 18. Rc3 a6 19. Be2 Rac8 20. Rfc1 Na7
21. Rc7 f6 22. R1c3 Rxc7 23. Rxc7 Rb8 24. e5 Nc6 0-1

[Event "Brno CEZ Talent"]
[Site "?"]
[Date "2013.08.26"]
[Round "3"]
[White "Kratochvil, Milan"]
[Black "Zeman, Arnost"]
[Result "1-0"]
[WhiteElo "2180"]
[BlackElo "2002"]
[PlyCount "37"]

1. e4 e6 2. d3 c5 3. Nf3 Nc6 4. g3 Bd6 5. Bg2 b6 6. O-O Bb7 7. Re1 Bb8 8. Nbd2
Nge7 9. Nf1 d5 10. exd5 Nxd5 11. h4 h6 12. c3 Bd6 13. d4 cxd4 14. Nxd4 Nxd4 15.
Qxd4 Kf8 16. c4 Nb4 17. Bxb7 Nc2 18. Qe4 Nxe1 19. Bxa8 1-0

[Event "Brno CEZ Talent"]
[Site "?"]
[Date "2013.08.26"]
[Round "3"]
[White "Messerschmidt, Stanislav"]
[Black "Blahynka, Martin"]
[Result "1-0"]
[WhiteElo "1993"]
[BlackElo "2166"]
[PlyCount "57"]

1. e4 e5 2. Nf3 Nc6 3. Bb5 a6 4. Ba4 Nge7 5. O-O g6 6. c3 Bg7 7. d4 exd4 8.
cxd4 b5 9. Bb3 O-O 10. Bg5 h6 11. Be3 Na5 12. Nbd2 d5 13. Bf4 dxe4 14. Nxe4 Nf5
15. Be5 Bb7 16. Bxg7 Kxg7 17. Bc2 {(R)} Re8 18. Re1 Nc4 19. g4 Nfe3 20. fxe3
Bxe4 21. Bxe4 Rxe4 22. Qc2 Rxg4+ 23. Kh1 Qf6 24. Qe2 Re4 25. Qg2 Nxe3 26. Rxe3
Rxe3 27. Ne5 Rf8 28. Rf1 Qh4 $4 29. Rxf7+ 1-0

[Event "Brno CEZ Talent"]
[Site "?"]
[Date "2013.08.26"]
[Round "3"]
[White "Novak, Vitezslav"]
[Black "Pekar, Vaclav"]
[Result "0-1"]
[WhiteElo "1970"]
[BlackElo "2146"]
[PlyCount "42"]

1. e4 g6 2. d4 Bg7 3. c3 d5 4. e5 c5 5. f4 cxd4 6. cxd4 Nc6 7. Nf3 Bg4 8. Be3
Qb6 9. Qd2 Nh6 10. Nc3 Nf5 11. Nxd5 Qd8 12. Bc4 Bxf3 13. gxf3 e6 14. Nc3 Nxe3
15. Qxe3 Qxd4 16. Qxd4 Nxd4 17. Nb5 O-O-O 18. Rc1 Nxb5 19. Bxb5+ Kb8 20. Ke2
Bh6 21. Ke3 Rd5 0-1

[Event "Brno CEZ Talent"]
[Site "?"]
[Date "2013.08.26"]
[Round "3"]
[White "Cizinsky, Petr"]
[Black "Licka, Vlastimil"]
[Result "1-0"]
[WhiteElo "2145"]
[BlackElo "1959"]
[PlyCount "71"]

1. e4 c5 2. Nf3 d6 3. d4 cxd4 4. Nxd4 Nf6 5. Nc3 a6 6. Bg5 Nbd7 7. Qe2 e6 8. f4
Qc7 9. O-O-O Be7 10. g3 b5 11. Bg2 b4 12. e5 dxe5 13. Ncb5 axb5 14. Nxb5 Qa5
15. Bxa8 O-O 16. Bc6 Nc5 17. Bxf6 Bxf6 18. fxe5 Bg5+ 19. Kb1 Ba6 20. Qg4 Bxb5
21. Bxb5 Ra8 22. Bc4 Be7 23. Rhf1 Na4 24. Qf4 Rf8 25. Rd7 Qc5 26. Bb3 Nb6 27.
Rd3 g5 28. Qe3 Qc7 29. h4 h6 30. Qe2 Nd7 31. Re3 Nc5 32. Qh5 Kg7 33. Ref3 Bd8
34. Rf6 Qxe5 35. Qxh6+ Kg8 36. Rg6+ 1-0

[Event "Brno CEZ Talent"]
[Site "?"]
[Date "2013.08.26"]
[Round "3"]
[White "Sikora, Lukas"]
[Black "Dvorak, Adam"]
[Result "1/2-1/2"]
[WhiteElo "1954"]
[BlackElo "2088"]
[PlyCount "53"]

1. d4 Nf6 2. c4 c5 3. d5 e6 4. Nc3 exd5 5. cxd5 d6 6. e4 g6 7. h3 Bg7 8. Nf3
O-O 9. Be2 b5 10. Bxb5 Nxe4 11. Nxe4 Qa5+ 12. Nc3 Bxc3+ 13. bxc3 Qxb5 14. Qb3
Ba6 15. Qxb5 Bxb5 16. Bf4 Re8+ 17. Kd1 Nd7 18. Bxd6 Ba4+ 19. Kd2 Nf6 20. Rhe1
Ne4+ 21. Rxe4 Rxe4 22. Bxc5 Rb8 23. Kd3 f5 24. Ng5 Bb5+ 25. Kc2 Ba4+ 26. Kd3
Bb5+ 27. Kc2 1/2-1/2

[Event "Brno CEZ Talent"]
[Site "?"]
[Date "2013.08.26"]
[Round "3"]
[White "Lakatos, Tomas"]
[Black "Hlavinka, Zdenek"]
[Result "1/2-1/2"]
[WhiteElo "2087"]
[BlackElo "1951"]
[PlyCount "34"]

1. e4 Nf6 2. Nc3 d5 3. e5 d4 4. exf6 dxc3 5. fxg7 cxd2+ 6. Bxd2 Bxg7 7. c3 Qd5
8. Be2 Nc6 9. Bf3 Qb5 10. Qb3 a6 11. Be3 Be6 12. Qxb5 axb5 13. Bxc6+ bxc6 14.
a3 Bc4 15. Nf3 e5 16. Nh4 Bf6 17. Nf5 Rg8 1/2-1/2

[Event "Brno CEZ Talent"]
[Site "?"]
[Date "2013.08.26"]
[Round "3"]
[White "Kopecek, Ivan"]
[Black "Skoda, Martin"]
[Result "0-1"]
[WhiteElo "1933"]
[BlackElo "2076"]
[PlyCount "52"]

1. d4 Nf6 2. Nc3 d5 3. Bf4 e6 4. Nf3 Bb4 5. Qd3 O-O 6. Nd2 c5 7. dxc5 Nbd7 8.
O-O-O Nxc5 9. Qd4 Qa5 10. Be5 Ne8 11. a3 Bxa3 12. bxa3 Qxa3+ 13. Kb1 f6 14. Nb5
fxe5 15. Nxa3 exd4 16. Nf3 Ne4 17. Rxd4 N8d6 18. e3 Nf5 19. Rxe4 dxe4 20. Ne5
Nh4 21. g3 Nf3 22. Nec4 e5 23. Be2 Be6 24. Nd6 Rad8 25. Nac4 b5 26. Nxb5 Rb8
0-1

[Event "Brno CEZ Talent"]
[Site "?"]
[Date "2013.08.26"]
[Round "3"]
[White "Richterova, Natasa"]
[Black "Zitny, Petr"]
[Result "1-0"]
[WhiteElo "2059"]
[BlackElo "1877"]
[PlyCount "115"]

1. Nf3 d6 2. g3 e5 3. d3 Nf6 4. Nbd2 g6 5. Bg2 Bg7 6. O-O O-O 7. e4 a5 8. a4
Nc6 9. Re1 Bg4 10. h3 Bd7 11. Nc4 Nh5 12. Ne3 Ne7 13. c3 Kh8 14. Nh2 Nf6 15.
Nf3 Qc8 16. Kh2 Nh5 17. Nh4 Nf6 18. Nc4 Nfg8 19. Rf1 f5 20. exf5 Nxf5 21. Nxf5
Bxf5 22. Be3 Ne7 23. Bg5 Nc6 24. Ne3 Be6 25. Nd5 Qd7 26. Qd2 Rf7 27. Bh6 Raf8
28. Bxg7+ Kxg7 29. b4 axb4 30. Nxb4 Na5 31. Ra3 Nb3 32. Qc2 Nc5 33. d4 Bf5 34.
Qe2 exd4 35. cxd4 Re7 36. Qd1 Ne4 37. Nd5 Ree8 38. Ne3 Ng5 39. h4 Nf7 40. Nxf5+
Qxf5 41. Bxb7 Nh6 42. Rf3 Qd7 43. Rxf8 Rxf8 44. Bf3 d5 45. Kg2 Ra8 46. Re1 Rxa4
47. Re5 Nf5 48. Rxd5 Qe8 49. Re5 Qd7 50. d5 Ra7 51. Bg4 Qd6 52. Qe1 Qb6 53.
Bxf5 gxf5 54. Re7+ Kf8 55. Re8+ Kf7 56. Qe7+ Kg6 57. Rg8+ Kh6 58. Qg5# 1-0

[Event "Brno CEZ Talent"]
[Site "?"]
[Date "2013.08.26"]
[Round "3"]
[White "Hrdlicka, Vladan"]
[Black "Panis, Radim"]
[Result "0-1"]
[WhiteElo "1686"]
[BlackElo "2052"]
[PlyCount "96"]

1. e4 c5 2. Nf3 e6 3. d4 cxd4 4. Nxd4 a6 5. Nc3 Qc7 6. Bd3 b5 7. a4 b4 8. Na2
Nc6 9. c3 bxc3 10. Nxc6 cxb2 11. Bxb2 dxc6 12. O-O e5 13. Qh5 Bd6 14. Qg5 f6
15. Qh5+ g6 16. Qh4 Be6 17. Rfc1 Kf7 18. Nc3 Qa5 19. Bf1 Ne7 20. Qh6 Bc5 21.
Ne2 Qb6 22. Rxc5 Qxc5 23. Ba3 Qa7 24. Ng3 c5 25. Rc1 Rac8 26. h4 c4 27. Rc3 Ng8
28. Qc1 Qd4 29. h5 Kg7 30. Qb2 Qa7 31. Be2 Nh6 32. Qc1 Qd4 33. Be7 Ng4 34. h6+
Kf7 35. Bxg4 Bxg4 36. Qa3 Qa7 37. Bxf6 Kxf6 38. Qd6+ Kf7 39. Qd5+ Be6 40. Qxe5
Rhg8 41. Rf3+ Ke7 42. Rf6 Qd7 43. Ne2 Qd6 44. Qb2 c3 45. Nxc3 Kxf6 46. Nd5+ Kf7
47. Qf6+ Ke8 48. e5 Qxd5 0-1

[Event "Brno CEZ Talent"]
[Site "?"]
[Date "2013.08.26"]
[Round "3"]
[White "Uhmann, Jan ml."]
[Black "Veznik, Michael"]
[Result "1-0"]
[WhiteElo "2046"]
[BlackElo "1876"]
[PlyCount "81"]

1. e4 c5 2. c3 b6 3. d4 Bb7 4. d5 Nf6 5. Qc2 e6 6. c4 exd5 7. cxd5 Qe7 8. Nc3
Nxd5 9. Nxd5 Bxd5 10. Bd3 Nc6 11. Qe2 Nd4 12. Qe3 Bc4 13. Ne2 Bxd3 14. Qxd3
Nxe2 15. Kxe2 O-O-O 16. Qd5 Kb8 17. Bf4+ d6 18. Rhd1 Qe6 19. Qc6 Qg4+ 20. Ke3
g5 21. Be5 f6 22. Rxd6 Bxd6 23. Bxd6+ Rxd6 24. Qxd6+ Kb7 25. Qxf6 Rc8 26. Qf3
Qxf3+ 27. gxf3 Rd8 28. Rg1 h6 29. h4 gxh4 30. f4 c4 31. f5 Rd3+ 32. Ke2 Kc7 33.
Rh1 h3 34. f3 Kd6 35. Rxh3 Ke5 36. Rxh6 b5 37. f6 b4 38. f7 Rd8 39. f4+ Kxe4
40. Re6+ Kxf4 41. Re8 1-0

[Event "Brno CEZ Talent"]
[Site "?"]
[Date "2013.08.26"]
[Round "3"]
[White "Martirosyan, Ara"]
[Black "Kuchynka, Lubos"]
[Result "0-1"]
[WhiteElo "1610"]
[BlackElo "2038"]
[PlyCount "138"]

1. e4 c5 2. Nc3 d6 3. Bb5+ Bd7 4. Bxd7+ Qxd7 5. f4 Nc6 6. Nf3 g6 7. O-O Bg7 8.
d3 e6 9. Qe1 Nge7 10. Nh4 Nd4 11. Qf2 f5 12. Kh1 O-O 13. Nf3 Nec6 14. Be3 b5
15. Bxd4 Nxd4 16. e5 Nxf3 17. gxf3 b4 18. Nd1 Rac8 19. Re1 dxe5 20. fxe5 Qd4
21. f4 Rfd8 22. Kg1 Bh6 23. Rf1 Qxf2+ 24. Rxf2 Rd4 25. Ne3 Rxf4 26. Rxf4 Bxf4
27. Nc4 Rd8 28. Re1 g5 29. Nd6 h5 30. Kg2 g4 31. Nc4 Rd4 32. Nd6 Bg5 33. Rf1 f4
34. Ne4 f3+ 35. Kg3 Be7 36. h3 gxh3 37. Kxh3 Rd5 38. Rxf3 Rxe5 39. c3 c4 40.
Nd2 bxc3 41. bxc3 cxd3 42. Rxd3 Rd5 43. Rg3+ Kf7 44. Nb3 h4 45. Rg4 Rd3+ 46.
Kg2 Rxc3 47. Ra4 h3+ 48. Kh1 Bd6 49. Rxa7+ Kg6 50. Ra4 Re3 51. Rg4+ Kh5 52. Rg1
Kh4 53. Nd4 Bg3 54. Rf1 Kg4 55. a4 Re4 56. Nf3 Rxa4 57. Nd2 e5 58. Rg1 Ra2 59.
Nf1 Ra3 60. Nh2+ Kh4 61. Nf1 e4 62. Nd2 e3 63. Nf3+ Kg4 64. Ne5+ Kf4 65. Nc4
Rc3 66. Nb6 Rd3 67. Nc4 e2 68. Nb2 Rd2 69. Nc4 Rd1 0-1

[Event "Brno CEZ Talent"]
[Site "?"]
[Date "2013.08.26"]
[Round "3"]
[White "Dirgas, Josef"]
[Black "Nehyba, Martin"]
[Result "1-0"]
[WhiteElo "2024"]
[BlackElo "1566"]
[PlyCount "55"]

1. d4 d5 2. Nf3 Nf6 3. c4 e6 4. e3 Be7 5. Nc3 Nbd7 6. b3 c6 7. Bd3 Nb6 8. O-O
c5 9. Bb2 Bd7 10. Rc1 Rc8 11. Ne5 Qc7 12. cxd5 Nbxd5 13. Nxd7 Qxd7 14. Bb5 Rc6
15. Nxd5 Qxd5 16. dxc5 O-O 17. Qxd5 exd5 18. Bxc6 bxc6 19. Rfd1 Nd7 20. e4 Nxc5
21. Ba3 Nxe4 22. Bxe7 Rc8 23. Rxd5 Re8 24. Rxc6 f6 25. Rd8 Kf7 26. Rxe8 Kxe8
27. Bb4 Kd7 28. Ra6 1-0

[Event "Brno CEZ Talent"]
[Site "?"]
[Date "2013.08.26"]
[Round "3"]
[White "Tocev, Dosi"]
[Black "Cip, Dalibor"]
[Result "0-1"]
[WhiteElo "1775"]
[BlackElo "2103"]
[PlyCount "70"]

1. d4 Nf6 2. c4 g6 3. Nc3 Bg7 4. e4 d6 5. f3 Nc6 6. Be3 a6 7. Bd3 O-O 8. a3 Bd7
9. Nge2 e5 10. d5 Ne7 11. O-O c5 12. Qd2 Ne8 13. f4 Qc8 14. fxe5 dxe5 15. Bh6
Nd6 16. Rf2 Qc7 17. Raf1 f6 18. Bxg7 Kxg7 19. Qe3 Rae8 20. Kh1 b5 21. cxb5 axb5
22. Qg3 Nec8 23. Ng1 b4 24. axb4 cxb4 25. Nd1 Nb5 26. Nf3 f5 27. exf5 e4 28.
Qh4 exf3 29. fxg6 fxg2+ 30. Kxg2 hxg6 31. Rxf8 Rxf8 32. Rxf8 Kxf8 33. Qh8+ Ke7
34. Qg7+ Kd6 35. Ne3 Bh3+ 0-1

[Event "Brno CEZ Talent"]
[Site "?"]
[Date "2013.08.26"]
[Round "3"]
[White "Sladek, Vladislav"]
[Black "Turza, Pavel"]
[Result "1/2-1/2"]
[WhiteElo "2024"]
[BlackElo "1774"]
[PlyCount "84"]

1. d4 d5 2. c4 Nf6 3. Nc3 e6 4. Bg5 Be7 5. e3 c6 6. Qc2 Nbd7 7. h4 dxc4 8. Bxc4
h6 9. Bf4 Nb6 10. Bd3 Nbd5 11. Nge2 Nxf4 12. Nxf4 Bd6 13. g3 Bd7 14. O-O-O Qc7
15. Kb1 O-O-O 16. Rc1 Kb8 17. Qb3 Qb6 18. Qxb6 axb6 19. Rhd1 e5 20. dxe5 Bxe5
21. Bc4 Bxf4 22. exf4 Be6 23. Bxe6 fxe6 24. f3 Rxd1 25. Rxd1 Kc7 26. Re1 Kd6
27. Kc2 Ra8 28. a3 Nd5 29. Ne4+ Kd7 30. Nf2 Ra4 31. Nd3 Rd4 32. Ne5+ Kd6 33. b3
b5 34. Ng6 Nc7 35. h5 c5 36. Re4 Rd5 37. g4 Na6 38. Ne5 Nc7 39. g5 hxg5 40.
Nf7+ Ke7 41. Nxg5 Kf6 42. a4 e5 {(R)} 1/2-1/2

[Event "Brno CEZ Talent"]
[Site "?"]
[Date "2013.08.26"]
[Round "3"]
[White "Stehlik, Jiri"]
[Black "Doskar, Miloslav"]
[Result "1-0"]
[WhiteElo "2008"]
[BlackElo "1739"]
[PlyCount "37"]

1. c4 Nf6 2. Nf3 e6 3. g3 Nc6 4. Bg2 Rb8 5. Nc3 b6 6. d4 Bb4 7. Bd2 Bb7 8. O-O
O-O 9. Qc2 h6 10. e4 d6 11. Rfd1 Qe7 12. a3 Bxc3 13. Bxc3 Nd8 14. Re1 c5 15.
Rad1 Nc6 16. d5 Nd8 17. e5 Ne8 18. exd6 Nxd6 19. Be5 1-0

[Event "Brno CEZ Talent"]
[Site "?"]
[Date "2013.08.26"]
[Round "3"]
[White "Benes, Miroslav"]
[Black "Hradsky, Ales"]
[Result "1/2-1/2"]
[WhiteElo "1998"]
[BlackElo "1768"]
[PlyCount "72"]

1. d4 e6 2. c4 f5 3. Nc3 Nf6 4. g3 Be7 5. Bg2 O-O 6. Nh3 c6 7. d5 d6 8. dxe6
Bxe6 9. b3 Na6 10. O-O Nc7 11. Ng5 Bd7 12. Bb2 h6 13. Nf3 Ne6 14. e3 Qc7 15.
Nh4 Ng5 16. Ng6 Rf7 17. Nxe7+ Rxe7 18. Rc1 Nfe4 19. h4 Nxc3 20. Rxc3 Nf7 21.
Rd3 Rd8 22. Qa1 Ne5 23. Rd2 Ng4 24. Rfd1 Bc8 25. Ba3 c5 26. Qc3 b6 27. Qc2 h5
28. Bb2 Kh8 29. Qd3 a5 30. a4 Ne5 31. Qd5 Be6 32. Qb7 Qxb7 {(R)} 33. Bxb7 Nxc4
34. bxc4 Rxb7 35. Rxd6 Rxd6 36. Rxd6 Bxc4 1/2-1/2